Cartoons that are currently airing on cartoon network - Statistics

General Stats
  • This quiz has been taken 216 times
  • The average score is 6 of 14
Answer Stats
Hint Answer % Correct
fin and jake adventure time
96%
mordequai and rigby regular show
83%
The earth is protected by the crystal gems steven universe
70%
follow on of teen titans teen titans go
66%
gumabll waterson amazing world of gumball
57%
light hearted chubby, enthusiastic 9 year old clarence
42%
pocket monters pokemon
37%
chinese and japanese animated lego lego ninjago
28%
shapeshifting mechanical superheroes transformers
28%
animated reality television total drama island
26%
sonic sonic boom
24%
Is the ***** ******* of everyone in the world uncle grandpa
18%
vambre and prohyas mighty magiswords
11%
fun loving tribes mixels
4%
No matching quizzes found
Score Distribution
Percent of People with Each Score
Percentile by Number Answered
Your Score History
You have not taken this quiz